Statystyki dla Największe miasto Począwszy od T w tym kraju

Kliknij tutaj aby rozwiązać quiz!

Ogólne statystyki

  • Ten quiz został rozwiązany 97 razy
  • Średni wynik to 9 z 18

Statystyki odpowiedzi

KrajT Miasto% Poprawnych
KanadaToronto
88%
PolskaToruń
88%
WłochyTuryn
82%
EstoniaTallinn
80%
AlbaniaTirana
76%
IranTeheran
73%
IzraelTel Awiw
69%
GruzjaTbilisi
68%
FrancjaTuluza
62%
UzbekistanTaszkent
48%
BhutanThimphu
37%
FinlandiaTampere
26%
MeksykTijuana
19%
MaliTimbuktu
18%
MarokoTanger
14%
ChinyTiencin
10%
Stany ZjednoczoneTucson
5%
BrazyliaTeresina
2%

Rozkład punktacji

Percentyl według liczby udzielonych odpowiedzi

Procent ludzi z każdym wynikiem

Twoja historia wyników

Nie rozwiązałeś tego quizu